|
|
|
|
| LEADER |
01763nam a22003017a 4500 |
| 001 |
34208 |
| 003 |
BD-DhAAL |
| 005 |
20231015121431.0 |
| 008 |
190124t2007 bg f000 0 eng d |
| 040 |
|
|
|a DLC
|c DLC
|d DLC
|d BD-DhAAL
|
| 082 |
0 |
0 |
|a 345.5492002632
|2 19
|
| 110 |
1 |
|
|a Bangladesh
|9 29766
|
| 245 |
1 |
4 |
|a The Penal Code (Act XLV of 1860), as modified up to 2007
|
| 260 |
|
|
|a Dhaka :
|b Deputy Controller, Govt. Print. Press,
|c 2007
|
| 300 |
|
|
|a 218 pages ;
|c 24 cm.
|
| 500 |
|
|
|a Cover title.
|
| 500 |
|
|
|a At head of title: Government of the People's Republic of Bangladesh, Ministry of Law and Land Reforms, Law and Parliamentary Affairs Division
|
| 526 |
|
|
|a SOL
|
| 541 |
|
|
|a Development Book Agency
|e 34208, 34209,13557
|
| 650 |
|
0 |
|a Criminal law
|z Bangladesh.
|9 29767
|
| 650 |
|
0 |
|a Law.
|9 43163
|
| 710 |
|
|
|a Government of the People's Republic of Bangladesh,
|b Ministry of Law and Land Reforms,
|b Law and Parliamentary Affairs Division
|9 29768
|
| 852 |
4 |
|
|a Ayesha Abed Library
|j General Stacks
|
| 942 |
|
|
|2 ddc
|c BK
|
| 999 |
|
|
|c 40385
|d 40385
|
| 952 |
|
|
|0 0
|1 0
|2 ddc
|4 0
|6 345_549200263200000_PEN
|7 0
|9 8708
|a BRACUL
|b BRACUL
|c GEN
|d 2010-03-21
|g 50.00
|l 5
|m 49
|o 345.5492002632 PEN
|p 3010013558
|r 2025-02-09
|s 2024-09-30
|t 3
|w 2010-03-21
|y BK
|x Lost Book (Barcode:3010013558) by HASIBUL ISLAM (ID: 19109057)- Replace by the latest of the same item.
|
| 952 |
|
|
|0 0
|1 0
|2 ddc
|4 0
|6 345_549200263200000_PEN
|7 0
|9 64908
|a BRACUL
|b BRACUL
|c GEN
|d 2019-01-06
|e Development Book Agency
|g 250.00
|l 9
|m 52
|o 345.5492002632 PEN
|p 3010034208
|r 2026-01-06
|s 2025-10-13
|t 1
|v 250.00
|w 2019-01-06
|y BK
|
| 952 |
|
|
|0 0
|1 0
|2 ddc
|4 0
|6 345_549200263200000_PEN
|7 0
|9 64909
|a BRACUL
|b BRACUL
|c GEN
|d 2019-01-06
|e Development Book Agency
|g 250.00
|l 4
|m 40
|o 345.5492002632 PEN
|p 3010034209
|r 2025-02-18
|s 2025-02-11
|t 2
|v 250.00
|w 2019-01-06
|y BK
|